Coupe de France de Volley F - Statistiques

Statistiques générales
  • Ce quiz a été pris 12 fois
  • Le résultat moyen est 25 sur 41
Statistiques - réponses
Année Réponse % Correct
1989 Non disputée
100%
1988 RC France
91%
1990 RC France
91%
1992 RC France
91%
1993 RC France
91%
2021 Volley Mulhouse
91%
2025 Volley Mulhouse
91%
2026 Volley Mulhouse
91%
2024 Neptunes de Nantes
82%
1996 RC Cannes
73%
1997 RC Cannes
73%
1998 RC Cannes
73%
1999 RC Cannes
73%
2000 RC Cannes
73%
2001 RC Cannes
73%
2003 RC Cannes
73%
2004 RC Cannes
73%
2005 RC Cannes
73%
2006 RC Cannes
73%
2007 RC Cannes
73%
2008 RC Cannes
73%
2009 RC Cannes
73%
2010 RC Cannes
73%
2011 RC Cannes
73%
2012 RC Cannes
73%
2013 RC Cannes
73%
2014 RC Cannes
73%
2016 RC Cannes
73%
2018 RC Cannes
73%
2023 Béziers Volley
36%
2015 Volero Le Cannet
36%
2022 Volero Le Cannet
36%
2019 Saint-Raphaël VB
27%
2017 Pays d'Aix Venelles VB
18%
2020 Pays d'Aix Venelles VB
18%
1994 SES Calais
18%
1986 CSM Clamart
9%
1987 CSM Clamart
9%
2002 RC Villebon
9%
1991 VBC Riom
9%
1995 VBC Riom
9%
Aucun quiz correspondant
Distribution des résultats
% des personnes avec chaque résultat
Percentile par nombre de réponses
Votre historique - résultats
Vous n’avez pas pris ce quiz